| 000 | 03096cgm a2200709Ii 4500 | ||
|---|---|---|---|
| 001 | on1155203346 | ||
| 003 | OCoLC | ||
| 005 | 20200610120108.0 | ||
| 007 | vd cvaizq | ||
| 008 | 200522s2020 cau085 vleng d | ||
| 040 |
_aTEFMT _beng _erda _cTEFMT _dTEF _dTH8 _dWACOL |
||
| 024 | 1 | _a031398318019 | |
| 028 | 4 | 1 |
_a58069 _bVertical Entertainment |
| 035 | _a(OCoLC)1155203346 | ||
| 037 |
_bMidwest Tape _nhttp://www.midwesttapes.com |
||
| 041 | 1 |
_aeng _peng _heng |
|
| 050 | 4 |
_aPN1997.2 _b.B45 2020 |
|
| 082 | 0 | 4 |
_a791.43/72 _223 |
| 092 |
_aDVD _bBeh |
||
| 049 | _aWACL | ||
| 245 | 0 | 0 |
_aBehind you / _cVertival Entertainment presents a Parallelovers and Tremendum Pictures production ; produced by Jesse Ranney, Larissa Beck ; written and directed by Andrew Mecham & Mathew Whedon. |
| 264 | 1 |
_a[California] : _bVertical Entertainment, _c[2020] |
|
| 300 |
_a1 videodisc (85 min.) : _bsound, color ; _c4 3/4 in. |
||
| 336 | _atwo-dimensional moving image | ||
| 337 | _avideo | ||
| 338 | _avideodisc | ||
| 344 |
_adigital _2rdatr |
||
| 344 |
_boptical _2rdarm |
||
| 344 |
_gsurround _gstereo _2rdacpc |
||
| 344 |
_hDolby digital 5.1 _hDolby digital 2.0 |
||
| 347 |
_avideo file _2rdaft |
||
| 347 | _bDVD video | ||
| 347 |
_eregion 1 _2rdare |
||
| 380 |
_aMotion pictures _2lcgft |
||
| 500 | _aTitle from container. | ||
| 511 | 1 | _aAddy Miller, Elizabeth Birkner, Jan Broberg, Aimee-Lynn Chadwick. | |
| 508 | _aMusic by Christian Davis; edited by arron Tharp & Andy Mathews; director of photography, Benjamin Allred. | ||
| 538 | _aDVD, region 1; Dolby digital 5.1, Dolby digital 5.1; wide screen. | ||
| 546 | _aClosed-captioned; subtitled for the deaf and hard of hearing (SDH). | ||
| 521 | 8 | _aRating: R; for some violence and bloody images. | |
| 520 | _aTwo young sisters notice that all the mirrors in their aunt's house are covered or hidden. When one of them finds a mirror in the basement, she unknowingly releases a malevolent demon. | ||
| 521 |
_aDVD _bMicroMarketing |
||
| 650 | 0 |
_aSisters _vDrama. _95712045 |
|
| 650 | 0 |
_aDemonology _vDrama. _95692902 |
|
| 650 | 0 |
_aHaunted houses _vDrama. _95718404 |
|
| 655 | 7 |
_aFeature films. _2lcgft _96362050 |
|
| 655 | 7 |
_aHorror films. _2lcgft _96362051 |
|
| 655 | 7 |
_aFiction films. _2lcgft _96362052 |
|
| 655 | 7 |
_aVideo recordings for the hearing impaired. _2lcgft _96362053 |
|
| 700 | 1 |
_aMecham, Andrew, _escreenwriter, _efilm director. _96362054 |
|
| 700 | 1 |
_aWhedon, Mathew, _escreenwriter, _efilm director. _96362055 |
|
| 700 | 1 |
_aRanney, Jesse, _efilm producer. _96362056 |
|
| 700 | 1 |
_aBeck, Larissa, _efilm producer. _96362057 |
|
| 700 | 1 |
_aMiller, Addy, _eactor. _96362058 |
|
| 700 | 1 |
_aBirkner, Elizabeth, _eactor. _96362059 |
|
| 700 | 1 |
_aBroberg, Jan, _eactor. _977813 |
|
| 700 | 1 |
_aChadwick, Aimee-lynn, _eactor. _96362060 |
|
| 710 | 2 |
_aTremendum Pictures (Firm), _eproduction company. _95810230 |
|
| 710 | 2 |
_aParallelovers (Firm), _eproduction company. _96362061 |
|
| 710 | 2 |
_aVertical Entertainment (Firm), _epresenter, _epublisher. _95763700 |
|
| 994 |
_aC0 _bWACOL |
||
| 999 |
_c350856 _d350856 |
||